<?xml version="1.0" encoding="UTF-8"?>
<collection xmlns="http://www.loc.gov/MARC21/slim">
<record>
  <controlfield tag="001">128049</controlfield>
  <controlfield tag="005">20240319080951.0</controlfield>
  <datafield tag="024" ind1="7" ind2=" ">
    <subfield code="2">doi</subfield>
    <subfield code="a">10.1080/02665433.2022.2065647</subfield>
  </datafield>
  <datafield tag="024" ind1="8" ind2=" ">
    <subfield code="2">sideral</subfield>
    <subfield code="a">128839</subfield>
  </datafield>
  <datafield tag="037" ind1=" " ind2=" ">
    <subfield code="a">ART-2022-128839</subfield>
  </datafield>
  <datafield tag="041" ind1=" " ind2=" ">
    <subfield code="a">eng</subfield>
  </datafield>
  <datafield tag="100" ind1=" " ind2=" ">
    <subfield code="a">Monclús, Javier</subfield>
    <subfield code="u">Universidad de Zaragoza</subfield>
    <subfield code="0">(orcid)0000-0002-1950-3084</subfield>
  </datafield>
  <datafield tag="245" ind1=" " ind2=" ">
    <subfield code="a">The Hispanic International Seminar on Urban Form (ISUF-H). A platform for dialogue between urban planners and urban form researchers in Spanish-speaking countries</subfield>
  </datafield>
  <datafield tag="260" ind1=" " ind2=" ">
    <subfield code="c">2022</subfield>
  </datafield>
  <datafield tag="506" ind1="0" ind2=" ">
    <subfield code="a">Access copy available to the general public</subfield>
    <subfield code="f">Unrestricted</subfield>
  </datafield>
  <datafield tag="520" ind1="3" ind2=" ">
    <subfield code="a">This paper is aimed at introducing the readers of Planning Perspectives to the Hispanic International Seminar on Urban Form (ISUF-H), a network for urban studies from morphological perspectives in Spanish-speaking countries. The platform is framed within the context of the research carried out at ISUF and its relationships with other schools and traditions of urban forms. The paper considers the themes and approaches presented at the ISUF-H conferences in Toledo (2016), Zaragoza (2018), Guadalajara-Mexico (2019), Barcelona (2020) and San Jose-Costa Rica (2021). In general, the diversity and vitality of research in the Spanish language is confirmed with the emergence and renewal of the themes and methodologies of analysis and eclectic approaches - with those of architects and urban planners dominating over those of geographers and specialists from other disciplines; this, in turn, demonstrates that barriers in the multidisciplinary dialogue remain and are an important challenge. Retrospective views and diagnoses based on the analysis of urban forms coexist with forward-looking views that consider current urban processes. The challenges of the ISUF-H are, therefore, akin to those of the ISUF, but also complementary, since they acknowledge the need to promote inclusive and multidisciplinary views over sectorial ones and to expand the anglophone field to include research carried out in Spanish-speaking countries.</subfield>
  </datafield>
  <datafield tag="540" ind1=" " ind2=" ">
    <subfield code="9">info:eu-repo/semantics/openAccess</subfield>
    <subfield code="a">by-nc</subfield>
    <subfield code="u">http://creativecommons.org/licenses/by-nc/3.0/es/</subfield>
  </datafield>
  <datafield tag="590" ind1=" " ind2=" ">
    <subfield code="a">0.8</subfield>
    <subfield code="b">2022</subfield>
  </datafield>
  <datafield tag="591" ind1=" " ind2=" ">
    <subfield code="a">HISTORY OF SOCIAL SCIENCES</subfield>
    <subfield code="b">16 / 34 = 0.471</subfield>
    <subfield code="c">2022</subfield>
    <subfield code="d">Q2</subfield>
    <subfield code="e">T2</subfield>
  </datafield>
  <datafield tag="592" ind1=" " ind2=" ">
    <subfield code="a">0.386</subfield>
    <subfield code="b">2022</subfield>
  </datafield>
  <datafield tag="593" ind1=" " ind2=" ">
    <subfield code="a">Geography, Planning and Development</subfield>
    <subfield code="c">2022</subfield>
    <subfield code="d">Q2</subfield>
  </datafield>
  <datafield tag="594" ind1=" " ind2=" ">
    <subfield code="a">1.4</subfield>
    <subfield code="b">2022</subfield>
  </datafield>
  <datafield tag="655" ind1=" " ind2="4">
    <subfield code="a">info:eu-repo/semantics/article</subfield>
    <subfield code="v">info:eu-repo/semantics/acceptedVersion</subfield>
  </datafield>
  <datafield tag="710" ind1="2" ind2=" ">
    <subfield code="1">5015</subfield>
    <subfield code="2">815</subfield>
    <subfield code="a">Universidad de Zaragoza</subfield>
    <subfield code="b">Dpto. Arquitectura</subfield>
    <subfield code="c">Área Urbanística y Ord.Territ.</subfield>
  </datafield>
  <datafield tag="773" ind1=" " ind2=" ">
    <subfield code="g">37, 3 (2022), 629-639</subfield>
    <subfield code="p">Plan. perspect.</subfield>
    <subfield code="t">Planning perspectives</subfield>
    <subfield code="x">0266-5433</subfield>
  </datafield>
  <datafield tag="856" ind1="4" ind2=" ">
    <subfield code="s">1197429</subfield>
    <subfield code="u">http://zaguan.unizar.es/record/128049/files/texto_completo.pdf</subfield>
    <subfield code="y">Postprint</subfield>
  </datafield>
  <datafield tag="856" ind1="4" ind2=" ">
    <subfield code="s">1841099</subfield>
    <subfield code="u">http://zaguan.unizar.es/record/128049/files/texto_completo.jpg?subformat=icon</subfield>
    <subfield code="x">icon</subfield>
    <subfield code="y">Postprint</subfield>
  </datafield>
  <datafield tag="909" ind1="C" ind2="O">
    <subfield code="o">oai:zaguan.unizar.es:128049</subfield>
    <subfield code="p">articulos</subfield>
    <subfield code="p">driver</subfield>
  </datafield>
  <datafield tag="951" ind1=" " ind2=" ">
    <subfield code="a">2024-03-18-13:03:51</subfield>
  </datafield>
  <datafield tag="980" ind1=" " ind2=" ">
    <subfield code="a">ARTICLE</subfield>
  </datafield>
</record>
</collection>